Womens Education (Record no. 43678)

MARC details
000 -LEADER
fixed length control field 00466nam a2200181Ia 4500
008 - FIXED-LENGTH DATA ELEMENTS--GENERAL INFORMATION
fixed length control field 220531s9999 xx 000 0 und d
041 ## - LANGUAGE CODE
Language code of text/sound track or separate title eng
082 ## - DEWEY DECIMAL CLASSIFICATION NUMBER
Item number WOM / DRI
100 ## - MAIN ENTRY--PERSONAL NAME
Personal name Drishti Stree Abhiyan Prabodhan kendra
9 (RLIN) 78870
245 ## - TITLE STATEMENT
Title Womens Education
250 ## - EDITION STATEMENT
Edition statement 1ST
260 ## - PUBLICATION, DISTRIBUTION, ETC. (IMPRINT)
Place of publication, distribution, etc. Pune
Name of publisher, distributor, etc. Drishti Abhyas Adhyayan Kendra
Date of publication, distribution, etc. 2016
300 ## - PHYSICAL DESCRIPTION
Extent 80
542 ## - INFORMATION RELATING TO COPYRIGHT STATUS
Copyright holder 09-02-2016
650 ## - SUBJECT ADDED ENTRY--TOPICAL TERM
Topical term or geographic name as entry element Sociology
9 (RLIN) 78871
906 ## - LOCAL DATA ELEMENT F, LDF (RLIN)
d 2015-2016
f 8647
Holdings
Withdrawn status Lost status Source of classification or shelving scheme Damaged status Not for loan Collection code Home library Current library Date acquired Vendor Cost, normal purchase price Total Checkouts Total Holds Full call number Barcode Date last seen Cost, replacement price Bill Date Koha item type Original Barcode
    Dewey Decimal Classification       Shri Siddhivinayak Mahila Mahavidyalaya Shri Siddhivinayak Mahila Mahavidyalaya 09/02/2016 Ranade, P.B. 10.00   1 /WOM/DRI/B/25300 SSMM-BK-25300 06/08/2022 10.00 06/08/2022 Books 010025300